Statistiques concernant Paroles - 92i Veyron - Booba

Cliquez ici pour prendre le quiz!

Statistiques générales

  • Ce quiz a été pris 812 fois
  • Le résultat moyen est 344 sur 498

Statistiques - réponses

Paroles% Correct
a
98%
à
98%
La
98%
la
98%
ma
98%
que
98%
je
95%
ni
95%
pris
95%
au
94%
de
94%
ces
93%
dans
93%
Lamborghini
93%
ne
93%
Ne
93%
On
93%
pas
93%
quelques
93%
Des
92%
des
92%
Nouveau
92%
queue
92%
qui
92%
ont
91%
riche
91%
c'est
90%
eu
90%
le
90%
raison
90%
Si
90%
si
90%
dos-d'âne
89%
dosd'âne
89%
eux
89%
raisonnable
89%
ton
88%
salon
87%
sur
87%
J'fais
86%
les
86%
Les
86%
désagréable
85%
McDonald's
85%
me
85%
rafale
85%
Ritz
84%
mon
82%
n'suis
82%
plus
82%
sûrement
82%
Noir
80%
noir
80%
"Noir
80%
personne
79%
Personne
79%
dit
78%
l'histoire
78%
nos
78%
du
77%
même
77%
tous
77%
vainqueurs
77%
d'espoir
76%
l'écrivent
76%
racontent
76%
s'ra
76%
trinque
76%
vaincus
76%
soirs
75%
vraiment
75%
ça
74%
monde
74%
ta
74%
tout
74%
Y
74%
y
74%
balafres
73%
marche
73%
il
72%
Il
72%
suis
71%
donc
69%
toi
69%
une
69%
en
67%
qu'ils
67%
tu
66%
tombe
65%
avec
64%
ont-ils
64%
crochets
63%
prison
63%
certains
62%
n'en
62%
reviennent
62%
et
61%
qu'a
61%
toutes
61%
kalash
59%
J'ai
58%
règles
58%
sous
58%
doigt
57%
Leurs
57%
moi
57%
quand
57%
Quand
57%
toit
57%
troisième
57%
j'suis
56%
suce
56%
cœur
54%
faire
54%
j'vais
54%
l'avenir
54%
n'comprennent
54%
daronne
53%
est
52%
fumer
52%
quoi
52%
Toujours
51%
allers-retours
50%
an
49%
d'humeur
49%
fais
49%
qu'est-ce
49%
T'as
49%
baises
48%
n'y
48%
grand-mère
47%
lever
47%
Ils
46%
mouftons
46%
chatte
45%
jamais
45%
ai
44%
seras
44%
gros
43%
m'ont
43%
Veyron
43%
Non
42%
pour
41%
moins
40%
Nique
40%
n't'aime
40%
par
40%
son
40%
beaucoup
39%
c'lui
39%
shit
39%
j'y
38%
reverras
38%
animaux
37%
coin
37%
coup
37%
d'la
37%
tôt
37%
arrivera
36%
fondation
36%
merde
36%
n'me
36%
ou
36%
rats
36%
sauver
36%
SMIC
36%
car
35%
j'préfère
35%
mes
35%
retourné
35%
Bombe
34%
haram
34%
Haram
34%
rap
34%
rue
34%
93
33%
couronne
33%
négros
33%
nucléaire
33%
tête
33%
bien
32%
boug
32%
chalumeau
32%
cloué
32%
croix
32%
dégoûte
32%
d'pied
32%
fève
32%
game
32%
J'parle
32%
n'restera
32%
trêve
32%
trop
32%
voisin
32%
baigné
31%
n'crois
31%
pourtant
31%
rien
31%
aura
30%
groin
30%
Grosse
30%
j'allume
30%
pilon
30%
j'monterai
29%
n'est
29%
race
29%
bite
28%
GATO
28%
grave
28%
humaine
28%
BATO
27%
d'esclaves
27%
place
27%
Boko
26%
descendants
26%
khos
26%
musique
26%
publique
26%
achètent
25%
Génocide
25%
Inspiré
24%
J't'écris
24%
block
22%
poulet
21%
mwen
20%
Braisé
18%
bananes
14%
locos
12%
Nueve-2i
11%

Distribution des résultats

Percentile par nombre de réponses

% des personnes avec chaque résultat

Votre développement - résultats

Vous n’avez pas pris ce quiz